000 00738nam a2200217Ia 4500
003 GCL
008 140319s9999 xx 000 0 ara d
040 _aGCL /
_cGCL
082 0 4 _a810.9
_bم ك
100 1 _aشوقى ضيف
245 1 0 _aكتاب الرد على النحاة /
_cشوقى ضيف
700 1 _aابن مضاء : ابو العباس احمد بن عبدالرحمن بن محمد اللخمى القرطبى
260 _aالقاهرة :
_bدار المعارف ،
_c1988
300 _a149 ص ؛
_c20 سم
490 _a
650 0 4 _aالنحو
650 0 4 _aقواعد اللغة العربية
650 0 4 _aفقه اللغة العربية
650 0 4 _aفقه اللغة المقارن
942 _2ddc
_cBK
999 _c29858
_d29858